Guess the Taylor Swift song (no hints) - Statistics

General Stats
  • This quiz has been taken 28 times
  • The average score is 257 of 409
Answer Stats
Answer % Correct
A
95%
a
95%
I
95%
"The
95%
the
95%
you
95%
You
95%
to
89%
And
84%
(And
84%
be
84%
he
84%
He
84%
we
84%
all
79%
All
79%
is
79%
it
79%
It
79%
Men
79%
they
79%
By
74%
can
74%
ever
74%
get
74%
her
74%
like
74%
of
74%
she
74%
She
74%
Then
74%
then
74%
With
74%
with
74%
always
68%
are
68%
back,
68%
for
68%
must
68%
one
68%
was
68%
When
68%
when
68%
best
63%
door
63%
him
63%
in
63%
it's
63%
Just
63%
just
63%
kiss
63%
made
63%
Out
63%
out
63%
That
63%
this"
63%
this
63%
time
63%
up
63%
What
63%
almost
58%
Behind
58%
But
58%
call
58%
car
58%
ends
58%
everyone
58%
eyes
58%
good
58%
he'll
58%
know
58%
"Oh,
58%
runs
58%
She's
58%
she's
58%
slam
58%
they're
58%
wanted
58%
way
58%
alive
53%
as
53%
bad
53%
been
53%
bolt
53%
Bolter"
53%
came
53%
charming
53%
child,
53%
confirm
53%
curious
53%
drive
53%
drowned
53%
Ended
53%
evening
53%
Excellent
53%
except
53%
face
53%
father
53%
fell
53%
felt
53%
frigid
53%
fun
53%
helpless
53%
hers
53%
laughed
53%
lives
53%
mates
53%
meeting
53%
nicknamed
53%
off
53%
own
53%
race
53%
sees
53%
selfish,
53%
six
53%
speeding
53%
Started
53%
stop
53%
'til
53%
town
53%
water
53%
whore
53%
wouldn't
53%
accounts,
47%
any
47%
at
47%
before
47%
bewitching
47%
breathing
47%
care
47%
Down
47%
feels
47%
fuckin'
47%
got
47%
leaving
47%
liked
47%
making
47%
quite
47%
Splendidly
47%
That's
47%
through
47%
waitin'
47%
aces
42%
bear,
42%
cad,
42%
changin'
42%
charmingly
42%
escape
42%
escaping
42%
faces
42%
Flashed
42%
Hearts
42%
hunter
42%
ice
42%
jump
42%
knows
42%
many
42%
none
42%
places
42%
pulling
42%
races
42%
Saturday
42%
sore
42%
Taming
42%
tastes
42%
There's
42%
trophy
42%
under
42%
Watching
42%
Wish
42%
breakin'
37%
chariot
37%
drawin'
37%
fate
37%
first
37%
First,
37%
freedom
37%
laughing,
37%
poses
37%
reviled
37%
roses,
37%
leaks
32%
tiny
32%
blush,
26%
Central
26%
Lake
26%
littlest
26%
Park
26%
portrait
26%
rowboats
26%
stories
26%
sure
26%
floorboards
21%
realized)
16%
No matching quizzes found
Score Distribution
Percent of People with Each Score
Percentile by Number Answered
Your Score History
You have not taken this quiz